000 00874nam a2200241Ii 4500
003 JO-AjNU
005 20260428080505.0
008 230605s9999||||xx |||||||||||||| ||und||
017 _a2017/7/3806
020 _a978-9957-22-571-7
040 _aJO-AjNU
_bara
_erda
_cJO-AjNU
041 _aara
050 1 4 _aHD30.2.S833 2018
100 3 _aتأليف الصبيحات، ابراهيم بدر شهاب,
_eauthor
_958499
245 0 0 _aمخرج / بموجب مستند اخراجات رقم 71
264 3 1 _aعمان: دار اسامة للنشر والتوزيع، نبلاء ناشرون وموزعون، 2018
300 _a271ص
_bيحتوي على قائمة مراجع من ص259-271ص
336 _atext
_btxt
_2rdacontent
337 _aunmediated
_bn
_2rdamedia
338 _avolume
_bnc
_2rdacarrier
650 4 _aالمعرفة -ادارة
_958500
942 _2lcc
_cBK
999 _c29841
_d29841